| 000 | 00336nam a22001337a 4500 | ||
|---|---|---|---|
| 008 | 250108b |||||||| |||| 00| 0 eng d | ||
| 020 | _a9781531126 | ||
| 050 |
_aHD 59 _b.B53 |
||
| 100 | _aBlack Sam | ||
| 245 | _aIntroduction to Public Relations | ||
| 260 |
_aLondon _bThe Modins Press Limited _c1990 |
||
| 300 | _aXv, 223p. | ||
| 942 | _cBK | ||
| 999 |
_c1890 _d1890 |
||